00432cam a2200169ua 45000010005000000080039000050200018000440400009000620410008000710820008000791000024000872450065001112500009001762600030001853000012002156530035002278416150129n ii |||gr||||Z||||||eng a9788176258180 cMAIN aeng a810 aPatil, M.,eAuthor.1 aStudies of African American literaturecBy Mallikarjun Patil a1st. aNew Delhi:bSarup,c2012. ax,326p. aAmerican literature in English